Mẫu cửa sắt : 200 mẫu cửa panel

Gespeichert in:
Bibliographische Detailangaben
1. Verfasser: Hùng Thắng
Format: Buch
Sprache:Undetermined
Veröffentlicht: Tp. HCM Thanh Niên 2002
Schlagworte:
Tags: Tag hinzufügen
Keine Tags, Fügen Sie den ersten Tag hinzu!
Thư viện lưu trữ: Trung tâm Học liệu Trường Đại học Cần Thơ
LEADER 00563nam a2200193Ia 4500
001 CTU_57052
008 210402s9999 xx 000 0 und d
020 |b 36000 
082 |a 739.4 
082 |b H513 
100 |a Hùng Thắng 
245 0 |a Mẫu cửa sắt : 200 mẫu cửa panel 
245 0 |c Hùng Thắng và Văn Tuấn 
260 |a Tp. HCM 
260 |b Thanh Niên 
260 |c 2002 
650 |a art metal-work,architecture,ironwork 
650 |x design and plans 
980 |a Trung tâm Học liệu Trường Đại học Cần Thơ